000 00615ntaaa2200193 4500
003 01
005 20251027200829.0
008 0714s1973 ag 01
040 _aAR-BaBN
_bspa
_cAR-BaBN
_eaacr
_dRIC
082 _a289 V26c
100 _aVan Bealen, J. K.
245 _aEl caos de las sectas /
_cJ. K. Van Bealen
250 _a1 ed.
260 _aGrand Rapids :
_bT.E.L.L.,
_c1969
300 _a372 p
500 _aContenido: espiritismo, astrología,teosofía, ciencia cristiana, rosacruz,mormonismo, adventismo del septimo día,testigos de jehová, unitarismo-modernismo.
650 _aSectas
_92314
942 _cBK
999 _c2427
_d2427